ბათუმის შოთა რუსთაველის სახელმწიფო უნივერსიტეტის ბიბლიოთეკა

მოთხრობები:წიგნი პირველი (ბიბ.ჩანაწერი № 42324)

000 -LEADER
fixed length control field 00551nam a2200193Ia 4500
001 - CONTROL NUMBER
control field 9020
003 - CONTROL NUMBER IDENTIFIER
control field GE_BSU
008 - FIXED-LENGTH DATA ELEMENTS--GENERAL INFORMATION
fixed length control field 181216s||||||||xx |||||||||||||| ||und||
040 ## - CATALOGING SOURCE
Transcribing agency GE_BSU
080 ## - UNIVERSAL DECIMAL CLASSIFICATION NUMBER
Universal Decimal Classification number 821.353.1–32
100 ## - MAIN ENTRY--PERSONAL NAME
Personal name კლდიაშვილი,სერგო
245 ## - TITLE STATEMENT
Title მოთხრობები:წიგნი პირველი
260 ## - PUBLICATION, DISTRIBUTION, ETC.
Place of publication, distribution, etc. ტფილისი
260 ## - PUBLICATION, DISTRIBUTION, ETC.
Name of publisher, distributor, etc. ფედერაცია
260 ## - PUBLICATION, DISTRIBUTION, ETC.
Date of publication, distribution, etc. 1933
300 ## - PHYSICAL DESCRIPTION
Extent 258გვ.20სმ.
653 ## - INDEX TERM--UNCONTROLLED
Uncontrolled term მოთხრობები
942 ## - ADDED ENTRY ELEMENTS (KOHA)
Koha item type წიგნი
ეგზემპლარები
Withdrawn status Lost status Damaged status Not for loan Date acquired Barcode Date last seen Price effective from Koha item type
        2018-12-17 31644 2018-12-17 2018-12-17 წიგნი
        2018-12-17 31645 2018-12-17 2018-12-17 წიგნი
        2018-12-17 31646 2018-12-17 2018-12-17 წიგნი
        2018-12-17 31648 2018-12-17 2018-12-17 წიგნი
        2018-12-17 31647 2018-12-17 2018-12-17 წიგნი
        2018-12-17 31649 2018-12-17 2018-12-17 წიგნი
        2018-12-17 31650 2018-12-17 2018-12-17 წიგნი
        2018-12-17 31651 2018-12-17 2018-12-17 წიგნი
        2018-12-17 31652 2018-12-17 2018-12-17 წიგნი
        2018-12-17 31654 2018-12-17 2018-12-17 წიგნი
        2018-12-17 31655 2018-12-17 2018-12-17 წიგნი
        2018-12-17 31653 2018-12-17 2018-12-17 წიგნი
        2018-12-17 31612 2018-12-17 2018-12-17 წიგნი